| 000 | 00486nam a2200157Ia 4500 | ||
|---|---|---|---|
| 005 | 20250327150344.0 | ||
| 008 | 231217s9999 xx 000 0 und d | ||
| 020 | _a9788131408315 | ||
| 082 | _a658.162 GOP;1 | ||
| 100 | _aGopal Krishnamurthy, G ed. | ||
| 245 | 0 | _aValue creation in organisations : the tangible and intangible drivers | |
| 260 |
_c2007 _bICFAI _aHyderabad |
||
| 300 | _axii, 233 | ||
| 650 | _aValue,creation,organisations,tangible,intangible,drivers | ||
| 942 | _cAA | ||
| 999 |
_c188099 _d188099 |
||